000 00530nam a2200217Ia 4500
003 OSt
005 20220924113047.0
006 a|||||r|||| 00| 0
007 ta
008 220923b |||||||| |||| 00| 0 eng d
024 _a55370
037 _cDictionary
040 _aARTS
_cARTS
_beng
041 _2eng
_aeng
082 _aP111:J4k, 164A (=)
245 0 _aEnglish-Persian dictionary
260 _c1800
650 _aLINGUISTICS
942 _hP111:J4k, 164A (=)
_cdic
_2cc
999 _c389117
_d389117